| 000 | 00830nam a2200217Ia 4500 | ||
|---|---|---|---|
| 003 | Ost | ||
| 005 | 20260507075650.0 | ||
| 008 | 260507s9999||||xx |||||||||||||| ||und|| | ||
| 040 | _cfsecg | ||
| 041 | _aara | ||
| 082 | _a658 | ||
| 100 |
_aبلال، محمد اسماعيل _eمؤلف |
||
| 245 | 0 |
_aمبادئ الإدارة بين النظرية والتطبيق / _c محمد اسماعيل بلال |
|
| 260 |
_aالإسكندرية: _bدار الجامعة الجديدة, _c2004 |
||
| 300 |
_a398 صفحة؛ _bإيضاحات ؛ _c24 سم |
||
| 504 | _aالمراجع ص. 395 | ||
| 520 | _aمفاهيم أساسية- المنظمات وإدارة المداخل- التخطيط- التنظيم- التوجيه- الرقابة. | ||
| 653 | _aالإدارة | ||
| 653 | _aمبادئ الإدارة | ||
| 942 | _cكتاب | ||
| 999 |
_c45582 _d45582 |
||